=LDR 00000nam 2200000 4500 =001 INLIS000000000003611 =005 20130612091920 =008 ***********************************Ind** =035 ##$$0010-061300000003611 =041 ##$$a Ind =082 ##$$a 612.044 =090 ##$$a 612.044, Bet k =100 ##$$a Bethan, Ignas =245 ##$$a Kiat sehat segar cara Cina, Ignas Bethan =260 ##$$a [19-/] $b Jakarta =300 ##$$a 214 hlm., ilus., 20 cm =650 ##$$a Kesehatan =850 ##$$a NBPNMAT